000 01987nam a2200253Ia 4500
999 _c51684
_d51684
001 18675
003 GE_BSU
005 20220920164119.0
008 181216s2008||||ge |||||||||||||| ||geo||
040 _cGE_BSU
041 _ageo
080 _a57 ო-47
100 _aონიანი, თამარ
_910678
245 _aსპილენძისშემცვლელი კომბინირებული ფუნგიციდის კურტაზ-R-ის ორგანიზმზე მოქმედების ბიოლოგიური თავისებურებების შესწავლა : დისერტაცია /
_cთამარ, ონიანი; მეცნ. ხელმძღვანელი ჯ. ონიანი, ი. ღვინერია; ბათუმის შოთა რუსთაველის სახელმწიფოფო უნივერსიტეტი.
264 _aბათუმი :
_bბათუმის შოთა რუსთაველის სახ. უნ-ტი,
_c2008.
300 _a139 გვ.;
_b30 სმ.
653 _aბიოლოგია
653 _aდისერტაცია
653 _aსპილენძისშემცვლელი კომბინირებული ფუნგიციდის კურტაზ-R-ის ორგანიზმზე მოქმედების ბიოლოგიური თავისებურებების შესწავლა
700 _aონიანი, ჯ.
_eსამეცნიერო ხელმძღვანელი
_910679
700 _aღვინერია, ი.
_eსამეცნიერო ხელმძღვანელი
_910680
710 _aბათუმის შოთა რუსთაველის სახელმწიფოფო უნივერსიტეტი.
_910681
942 _cBK
_2udc